Teak reforestation project of 1,100 ha at toeuk chha forest reserve kampong cham province (Registro nro. 1400)

Detalles MARC
000 -CABECERA
Campo de control 00703nam a2200193 a 4500
005 - FECHA Y HORA DE LA ULTIMA TRANSACCION
Campo de control 20160316085210.0
008 - ELEMENTOS DE LONGITUD FIJA—INFORMACION GENERAL
Campo de control 160316b1996 cb bd fr|||| 00| 0 eng d
040 ## - FUENTE DE CATALOGACIÓN
Agencia catalogadora original CO-BoIAVH
Agencia transcriptora CO-BoIAVH
041 0# - IDIOMA
Código de idioma para texto/pista de sonido o título separado Inglés
082 04 - NUMERO DE CLASIFICACION DECIMAL DEWEY
Número de clasificación 333.75153
Número del ítem T25r
245 10 - MENCION DE TITULO
Título Teak reforestation project of 1,100 ha at toeuk chha forest reserve kampong cham province
260 ## - PUBLICACION, DISTRIBUCION, ETC. (PIE DE IMPRENTA)
Lugar de publicación, distribución, etc. [s.l.] :
Nombre del editor, distribuidor, etc. ITTO,
Fecha de publicación, distribución, etc. [1994?]
300 ## - DESCRIPCION FISICA
Extensión 32 páginas :
Otros detalles físicos mapas, tablas ;
Dimensiones 30 x 21 centímetros
650 #6 - ASIENTO SECUNDARIO DE MATERIA - TERMINO TEMATICO
Término temático o nombre geográfico como elemento de entrada Reforestación
Subdivisión de forma proyectos
Subdivisión geográfica Camboya
9 (RLIN) 64129
650 #6 - ASIENTO SECUNDARIO DE MATERIA - TERMINO TEMATICO
Término temático o nombre geográfico como elemento de entrada Manejo forestal
Subdivisión de forma proyectos
Subdivisión geográfica Camboya
9 (RLIN) 64130
662 ## - ASIENTO SECUNDARIO DE MATERIA - JERARQUIA DEL NOMBRE DE LUGAR(
País o entidad mayor Camboya
Jurisdicción política intermedia Reserva Forestal Toeuk Chha
710 2# - ASIENTO SECUNDARIO - NOMBRE CORPORATIVO
Nombre corporativo o de jurisdicción como elemento de entrada International tropical timber organization
9 (RLIN) 12097
942 ## - ELEMENTOS ADICIONALES (KOHA)
Tipo de ítem Libro
Sistema de clasificación Dewey Decimal Classification
Existencias
Withdrawn status Lost status Sistema de Clasificación Damaged status No para préstamo Colección Inventariado Ubicación Permanente Ubicación actual Fecha de adquisición Fuente de Valor Valor Total Checkouts Número topográfico Inventario / Código de Barras Date last seen Ejemplar Price effective from Forma de adquisición Tipo de material
    Dewey Decimal Classification     General Inventariado 2017 Bogotá Bogotá 16/07/1999 Instituto 39000.00   LB-333.75153 T25r 001941 04/12/2012 Ej. 1 04/12/2012   Libro